[Event "Hastings 0203 78th"]
[Site "Hastings"]
[Date "2003.01.04"]
[Round "8"]
[White "Tseshkovsky, Vitaly"]
[Black "Karjakin, Sergey"]
[Result "0-1"]
[WhiteElo "2545"]
[BlackElo "2527"]
[Annotator "Bangiev,A"]
[PlyCount "82"]
[EventDate "2002.12.28"]
[EventType "tourn"]
[EventRounds "9"]
[EventCountry "ENG"]
[EventCategory "12"]
[SourceTitle "CBM 093"]
[Source "ChessBase"]
[SourceDate "2003.04.01"]
[SourceVersion "1"]
[SourceVersionDate "2003.04.01"]
[SourceQuality "1"]

1. e4 c5 2. Nc3 a6 {Dieser Zug kann man ohne Übertreibung die
"Anti-Grandprix-Angriff" Variante nennen. Schwarz möchte nach 3.f4 sofort 3...
b5 spielen.} 3. g3 (3. f4 b5) 3... b5 4. Bg2 Bb7 5. Nge2 e6 6. O-O Be7 7. a3 (
7. f4 b4 8. Na4 d5 9. f5 dxe4 10. fxe6 Nf6 11. d4 fxe6 12. Nxc5 Bxc5 13. dxc5
Qxd1 14. Rxd1 Nbd7 $14 {1-0 Murey,J-Bergez,L/Evry 2002/(46)}) 7... d6 8. d4 (8.
d3 {Sie stellt eine gute Alternative dar.}) 8... cxd4 9. Nxd4 Nd7 10. a4 {
Unlogisch. Der Bauer auf a3 sollte den Springer c3 stützen, den Vorstoß f4-f5
mit der Entwicklung der weißen Initiative am Königsflügel ermöglichen.} (10. f4
Qc7 11. f5 e5 12. Nb3 Ngf6 13. Be3) 10... b4 11. Na2 a5 12. c3 bxc3 13. Nxc3 {
Der Springer ist zurück, die Stellungsschwächen (die Felder c5, b4) am
Damenflügel sind geblieben.} Nc5 14. Be3 {Weiß möchte offenbar am Damenflügel
aktiv werden.} Nf6 15. Ndb5 $5 {[%mdl 512] Ein Bauernopfer. Wofür?} (15. f3 O-O
16. Rc1 $11) 15... Ncxe4 16. Nxe4 Bxe4 17. Bxe4 Nxe4 18. Qg4 $5 {Also für die
Initiative.} (18. Qc2 Nc5 $17) 18... Ng5 (18... d5 19. Qxg7 Bf6 20. Qh6 Bxb2
21. Rab1 Be5 22. f3 $44) 19. h4 h5 (19... f5 20. Qc4 Rc8 21. Qb3 Ne4 22. Qxe6
$14) 20. Qe2 Nh7 (20... Ne4 21. Bf4 $14) 21. Qxh5 O-O {Ziehen wir eine Bilanz.
Schwarz verfügt hier über die klar bessere Bauernstruktur, er sollte bestrebt
sein ins Endspiel überzugehen. Die weiße Stellung weist weißfeldrigen
Schwächen auf.  Seine Stellung hat auch ein wesentliches Plus, nämlich üben
die weißen Figuren einen starken Druck auf die schwarzen Felder aus. Dabei
soll Weiß versuchen den h-Bauern auszunutzen. Er sollte einen Vorteil am
Königsflügel anstreben.} 22. Rac1 Nf6 23. Qf3 {/\Rc7} Nd5 (23... d5 24. Rc7 $5
Bd6 (24... Rc8 25. Rxc8 Qxc8 26. Rc1 $14) 25. Rc2 Ne4 26. Rfc1) 24. Bd4 Rc8 25.
h5 f5 {dies soll Qg4 verhindern} (25... Qd7 26. h6 $1 (26. Qg4 Nf6) 26... gxh6
27. Qg4+ Bg5 28. f4 $13) 26. Rce1 Qd7 27. Re2 Nf6 28. Qb3 d5 $1 29. h6 g6 {
[%cal Yd4e5,Gh6g7] Schwarz bemüht sich, die weißfeldrigen Stellungsschwächen
des Anziehenden auszunutzen, also diese Felder zu besetzen. Weiß bekommt aber
gute Möglichkeiten, indem er die schwarzen Felder kontrolliert.} 30. Qe3 (30.
f3 $5 Nh5 31. Qe3 Rc6 $14) 30... Ne4 31. h7+ $5 {Weiß möchte den Blockadezug
Kh7 verhindern und die h-Linie öffnen. Dies nutzt aber nicht viel.} Kxh7 32.
Kg2 Bf6 33. Rh1+ Kg8 34. Bxf6 Rxf6 35. f3 $4 {[%mdl 8192] Hochwahrscheinlich
ein Zeitnotfehler.} (35. Qd4 Qg7 36. f3 Ng5 $13) 35... Nxg3 $1 $19 36. Qe5 (36.
Kxg3 f4+) 36... Nxe2 37. Qxf6 Nf4+ 38. Kf2 Qg7 39. Qxg7+ Kxg7 40. Ke3 e5 41.
Kd2 d4 0-1

[Event "Moscow Aeroflot op"]
[Site "Moscow"]
[Date "2002.02.05"]
[Round "1"]
[White "Kovalev, Andrei"]
[Black "Kovalevskaya, Ekaterina"]
[Result "0-1"]
[WhiteElo "2575"]
[BlackElo "2462"]
[Annotator "Bangiev,A"]
[PlyCount "72"]
[EventDate "2002.02.04"]
[EventType "swiss"]
[EventRounds "9"]
[EventCountry "RUS"]
[SourceTitle "CBM 088"]
[Source "ChessBase"]
[SourceDate "2002.03.21"]
[SourceVersion "1"]
[SourceVersionDate "2002.03.21"]
[SourceQuality "1"]

1. e4 c5 2. Nc3 Nc6 3. f4 g6 4. Nf3 Bg7 5. Bc4 e6 6. O-O Nge7 7. e5 d5 8. exd6
Qxd6 9. Ne4 Qc7 10. d3 O-O (10... b6 11. c3 Bb7 12. Nfg5 Nd8 13. f5 Nxf5 14. g4
{1/2-1/2 Agouridis,A-Belakovskaia,A/Korinthos 1998/(14)}) 11. Qe1 Nf5 12. g4 {
[%mdl 128] Ein aktiver Zug, der den Plan des Anziehenden voran bringen sollte.
Weiß braucht in derartigen Positionen zwei Züge, nämlich Qh4 und f4-f5, um das
Zusammenspiel der eigenen Figuren am Königsflügel zu erhöhen, den
königsangriff zu verstärken. Dafür soll der Springer f5 verdrängt werden.} Nfd4
{Schwarz möchte gern den Nf3 abzutauschen.} 13. Nfg5 $1 {Dies stellt ein neuer
Plan dar, mit dem ist der weiße Aufbau mit dem 7.e5 wieder spielbar geworden!
Weiß ist bestrebt (soll auch!), die Figuren möglichst zu behalten. Dafür ist
er bereit den Bauern c2 und auch den Turm a1 zu opfern. Ob der folgende
Königsangriff erfolgreich sein sollte, kann man nicht genau sagen. Weiß geht
ohne Zweifel ein gewisses Wagnis ein. Es ist auch selbstverständlich, das
solche risikoreichen Fortsetzungen sollen schon vorher gründlich untersucht
werden.} (13. g5 b5 14. Bxb5 Nxb5 15. Nf6+ Bxf6 16. gxf6 Nbd4 17. f5 Nxf5 18.
Ng5 Qe5 19. Qd2 Qd4+ 20. Rf2 Ne5 21. Kf1 Ng4 22. Rxf5 exf5 23. Nf3 Qxf6 {
0-1 Stinis,S-Khamrakulov,I/Calicut 1998/(23)}) 13... h6 $1 {Ein starker
Zwischenzug, sozusagen eine kalte Dusche für Weiß!. Der Ph6 soll vor allem das
schwache Feld h7 schützen. Schwarz sollte allerdings daran denken, dass alle
Varianten im Abspiel 13...Nc2 schon gründlich untersucht werden sein.} (13...
Nxc2 14. Qh4 h6 15. f5 $1 ({natürlich nicht} 15. Rb1 N2d4 $17) 15... exf5 {
Die Öffnung der Diagonale a2-g8, auf der der Bc4 eine starke Wirkung hat, ist
für Schwarz nicht ungefährlich.} (15... hxg5 $2 16. Nxg5 Bd4+ 17. Kh1 f6 18.
Nxe6 $18) (15... Nxa1 16. f6 $1 Qd7 (16... Nc2 17. fxg7 Kxg7 18. Nxe6+ $18) 17.
fxg7 (17. Be3 $1) 17... Qd4+ 18. Rf2 Qxg7 19. Nf6+ Kh8 20. Nxe6 fxe6 21. Bxh6)
16. Nf6+ $3 Kh8 (16... Bxf6 17. Qxh6 Bxg5 18. Qxg6+ Kh8 19. Qh5+ $18) 17. Ngh7
Nxa1 (17... g5 18. Bxg5 Nxa1 $18) 18. Bxh6 $18) (13... b5 14. Qh4 (14. Nxh7)
14... h6 15. f5 bxc4 16. f6 hxg5 17. Nxg5 $18) 14. c3 {Weiß will erst den Nd4
vertreiben, dann angreifen. Es stellt sich dann die Frage: wozu? Die Antwort
liegt in den Überlegungen, daß nach f5 in vielen Abspielen sollte Weiß mit dem
Zug Ne5 mit der Drohung Nf3 rechnen. ich denke aber, daß Weiß seine Chancen
nur in Abspielen wie 14.Qg4 oder 14.f5 suchen sollte.} (14. Qh4 $5 b5 $1 15. f5
$1 (15. Bb3 f5 $1) 15... hxg5 $2 (15... bxc4 16. f6 $1 hxg5 17. Nxg5 $18) 16.
Nxg5 $18) (14. f5 $5 hxg5 $1 (14... Nxc2 15. Qh4 $16) (14... gxf5 15. gxf5 hxg5
(15... Nxc2 16. Qh4) 16. Nxg5 Nxf5 (16... f6 $5) 17. Rxf5 $1 exf5 18. Qh4) (
14... exf5 15. Nxf7) 15. f6 (15. Nxg5 Bf6 16. Qh4 Bxg5 17. Qxg5 Ne5 $1) 15...
Bh6 (15... Ne5 $1) 16. Bxg5 Ne5 $1 $17) 14... b5 $1 {Ein starker Zug, der den
weißen Angriff anschlagen soll.} (14... Nc2 15. Qh4 Nxa1 16. f5 exf5 17. Nf6+ (
17. gxf5 Bxf5 18. Nxf7 Rxf7 19. Bxh6 Ne5 20. Bxf7+) 17... Bxf6 18. Qxh6 Bxg5
19. Qxg6+ Kh8 20. Qh5+ Kg7 21. Qxg5+ Kh7 22. Rf3 $18) 15. cxd4 bxc4 {es ist
typisch für derartigen Stellungen, daß ohne den Läufer auf c4 hat der
Anziehende wesentlich weniger Angriffsmöglichkeiten am Königsflügel. So ist
auch hier.} 16. f5 exf5 $1 {Natürlich. Die öffnung der Diagonale a2-g8 stellt
nur dem Schwarzen keine Probleme dar.} 17. Bf4 Qd8 18. gxf5 Bxf5 19. d5 Nd4 (
19... hxg5 $2 20. Bxg5 Qxd5 21. Nf6+ Bxf6 22. Bxf6 Qe6 23. Qh4 $16) 20. dxc4
hxg5 (20... Nc2 21. Qd2 Nxa1 {kommt gut in Betracht}) 21. Nxg5 f6 22. Ne6 Bxe6
23. dxe6 Re8 $19 24. Qe4 f5 25. Qg2 Rxe6 26. Rae1 Qe8 27. Rxe6 Nxe6 28. Re1 Rd8
29. b4 Qf7 30. Be3 cxb4 31. c5 Bd4 32. Bxd4 Rxd4 33. Qa8+ Kg7 34. c6 Ng5 35.
Rc1 Qd5 36. Qxa7+ Kh6 0-1

[Event "ISR-ch"]
[Site "Tel Aviv"]
[Date "1994.??.??"]
[Round "2"]
[White "Oratovsky, Michael"]
[Black "Bruk, Ofer"]
[Result "1/2-1/2"]
[WhiteElo "2520"]
[BlackElo "2435"]
[Annotator "Bangiev,A"]
[PlyCount "33"]
[EventDate "1994.10.??"]
[EventType "swiss"]
[EventRounds "11"]
[EventCountry "ISR"]
[SourceTitle "CBM 045 Extra"]
[Source "ChessBase"]
[SourceDate "1995.05.01"]
[SourceVersion "1"]
[SourceVersionDate "1995.05.01"]
[SourceQuality "1"]

1. e4 c5 2. Nc3 Nc6 3. f4 e6 4. Nf3 d5 5. Bb5 Nge7 6. exd5 $5 {mit der Idee
die Figurenentwicklung von Schwarzem zu erschweren.} exd5 7. Qe2 $5 Qd6 8. d4 {
Möglich auch 8.Bc6,und 8.Ne5} c4 $6 {Der Zeitverlust. 8...cd4: wäre besser
gewessen.} (8... cxd4 9. Nxd4 Bd7) 9. b3 cxb3 10. axb3 $16 {Weiß steht klar
besser:(Linien-a und -e; Diagonale a3-f8; Raumvorteil)} Qe6 $1 (10... Bg4 11.
h3 Bxf3 12. Qxf3 O-O-O 13. O-O Nxd4 14. Qf2 Qc5 15. Bd2 Nec6 16. b4 $1 Qxb4 17.
Rfb1 $36 {Adamski,A-Schinzel,W/POL-ch/1980}) 11. Ne5 $5 {Steht der Gegner
gedrückt, soll man seine Lage nicht durch Abtausch entlassen, so lautet ein
Ausspruch Tarraschs.} Bd7 12. O-O $6 {Erlaubt Schwarzen dursch Abtausch seine
Lage zu entlassen. Besser wäre 12.Bc6: gewessen, um den Springer e5 zu
behalten.} (12. Bxc6 $5 bxc6 (12... Nxc6 13. f5 (13. Nxd5 {/\ Nc7} Qxd5 14.
Nxc6+ Be6 15. Ne5 (15. Nxa7 Bb4+ 16. Bd2 Qxd4 $13) 15... Bb4+ 16. Bd2 Qxd4 17.
Qb5+ Bd7 (17... Kd8 18. Bxb4 $1 Qxa1+ $6 19. Ke2 Qxh1 20. Qxb7 $16) 18. Qxd7+
Qxd7 19. Nxd7 Bxd2+ 20. Kxd2 Kxd7 $10) 13... Qe7 14. Nxd5 (14. Ba3 Nxd4 15.
Bxe7 Nxe2 16. Bxf8 Nxc3 17. Bxg7 Rg8 18. f6 Ne4 $13) (14. f6 gxf6 15. Nxd5 Nxd4
16. Nxe7 Nxe2 17. Nd5 fxe5 18. Nc7+ Kd8 19. Nxa8 Nxc1 20. Rxc1 Bc6 $17) 14...
Nxd4 15. Qe4 Nxc2+ 16. Kd1 Bxf5 17. Qxf5 Rd8 18. Kxc2 Rxd5 19. Re1 $16) 13. O-O
f6 14. Nxd7 Qxd7 (14... Qxe2 15. Nxf6+ gxf6 16. Nxe2 $16) 15. Na4 $16) 12...
Nxe5 $1 13. Qxe5 (13. fxe5 Nc6 (13... Rc8 14. Bxd7+ Qxd7 15. Qf3 Qe6 16. Nb5
$16) 14. Be3 Rc8 $13) 13... Rc8 $5 14. Bd2 a6 15. Bxd7+ Kxd7 16. Rac1 f6 17.
Qxe6+ 1/2-1/2

[Event "Bundesliga 0102"]
[Site "Germany"]
[Date "2002.04.27"]
[Round "14.3"]
[White "Gdanski, Jacek"]
[Black "Pelletier, Yannick"]
[Result "1/2-1/2"]
[WhiteElo "2537"]
[BlackElo "2531"]
[Annotator "Bangiev,A"]
[PlyCount "150"]
[EventDate "2001.10.06"]
[EventType "team-tourn"]
[EventRounds "15"]
[EventCountry "GER"]
[SourceTitle "CBM 089"]
[Source "ChessBase"]
[SourceDate "2002.08.12"]
[SourceVersion "1"]
[SourceVersionDate "2002.08.12"]
[SourceQuality "1"]
[WhiteTeam "Koenig Plauen"]
[BlackTeam "Werder Bremen"]
[WhiteTeamCountry "GER"]
[BlackTeamCountry "GER"]

1. e4 c5 2. Nc3 d6 3. f4 Nc6 4. Nf3 g6 5. Bc4 Bg7 6. O-O Nf6 7. d3 O-O 8. Qe1
e6 9. f5 d5 10. e5 {[%mdl 520] Ein neuer Zug, mit dem der Anziehende die
schwarzfeldrigen Schwächen, u.a. auf e5 und auf f6, ausnutzen möchte. Bislang
wurde hier ausgerechnet 10.Bb3 gespielt, z.B.} (10. Bb3 dxe4 (10... gxf5 11.
exd5 exd5 12. Bg5 Ne7 13. Ne2 Ng6 14. Nh4 Qb6 15. Kh1 {1-0 Radziewicz,I-Paehtz,
E/Moscow 2001/CBM 85 ext (53)}) 11. dxe4 exf5 12. e5 Ne8 13. Bg5 Qa5 14. Bd5
Nc7 15. Qg3 {1-0 Geller,J-Razuvajeva,J/St Petersburg 2001/CBM 82 ext (39)})
10... Nxe5 $1 (10... dxc4 11. exf6 (11. Bg5 cxd3 12. fxg6 fxg6 $17) 11... Qxf6
(11... Bxf6 12. Bh6) 12. Bg5 (12. fxg6 Qxg6 13. dxc4 $13) 12... Qxf5 13. Qh4
Bxc3 (13... f6 14. g4 fxg5 15. Nxg5 $16) 14. bxc3 cxd3 (14... f6 15. Bh6 Rf7
16. Ng5 fxg5 17. Bxg5 $36) 15. g4 Qd5 16. Bh6 (16. Bf6 h5) 16... Qd8 17. Ng5
Re8 18. Rxf7 $18) (10... Ng4 11. f6) 11. Nxe5 dxc4 12. fxg6 hxg6 13. dxc4 {
Weiß droht nun mittels 14.Bg5 den Nf6 zu fesseln, was Schwarz zwingt in ein
unklares Abspiel zu gehen; dafür ist er bereit einen Bauern zu opfern.} (13.
Nxc4 {Dies sollte dem Weißen die Kontrolle über das Feld e4 und eine damit
verbundene Initiative in Richtung des Königsflügels sichern.} Nd5 (13... Qd4+
$2 14. Be3) 14. Ne4 $36) (13. Bg5 Qd4+ 14. Kh1 Nd5 15. Nf3 (15. Nxc4 Nxc3 16.
bxc3 Qxc3 $15) 15... Qg4 16. h3 Qh5) 13... Qd4+ 14. Kh1 Nh5 15. Nd3 {/\Be3} (
15. Nf3 Qxc4 $15) 15... Qxc4 16. Be3 b6 17. Nf4 {Die Stellung, die der
Anziehende offenbar angestrebt hatte. Für den geopferten Bauern besitzt er
eine Initiative in Form des aktiven Figurenspiels im Zentrum, hat aber keine
konkreten Angriffsziele.} Ba6 (17... Nxf4 18. Rxf4 Bxc3 19. bxc3 Qd5 20. Rf6
Rd8 21. Qg3 $36) (17... e5 $1 18. Nxh5 (18. b3 Qxc3 $1 19. Qxc3 exf4 $17) 18...
gxh5 19. b3 $5 {Weiß muss unbedingt den Vorstoß f5 verhindern.} (19. Qg3 Qg4)
19... Qe6 $1 {Die beste Erwiderung: /\ e4 sowie /\ f5.} (19... Qg4 20. Rf3 {
/\Rg3} h4 (20... f5 $2 21. Rg3) 21. Nd5 Bb7 22. Ne7+ Kh8 23. h3 Qe4 24. Nf5 $36
) 20. Nb5 (20. Ne4 Qg6) (20. Qe2 e4) (20. Rf3 f5) 20... Qg6 21. Qf2 f5 $1 22.
Rad1 f4 {Die Chancen von Schwarzen sind klar vorzuziehen.}) 18. Rf3 (18. Nxh5
Qxf1+ 19. Qxf1 Bxf1 20. Nxg7 Ba6 21. Bh6 Kh7 22. Nxe6 Rfc8 $17) 18... Nxf4 19.
Rxf4 Bxc3 {Schwarz geht damit ein gewisses Wagnis ein: bekanntlich ermöglichen
die ungleichfarbigen Läufer einen Königsangriff sehr.} 20. bxc3 Qe2 21. Qc1
Rad8 22. Rf2 Qg4 23. h3 Qe4 $6 (23... Qh5 24. Bg5 Rd5 25. Bf6 e5 $13) 24. Bh6 {
Dieses Manöver sollte aus schwarzer Sicht verhindert werden.} Rd5 (24... Rfe8
25. Qg5 $16) 25. Bxf8 Kxf8 26. Qh6+ Kg8 27. Kg1 Bc4 28. a4 Rf5 29. Rxf5 Qxf5
30. Qd2 Bd5 31. a5 Qe5 32. Rf1 bxa5 33. Qf4 Qxf4 34. Rxf4 c4 35. Kf2 {Weiß
steht besser, soll aber bestrebt sein, einen Freibauern zu bilden, was im
Endspiel ein wichtiges Übergewicht darstellen sollte.} f5 36. Rd4 Kf7 37. Rd1
Ke7 38. Ra1 Be4 39. Rxa5 Bxc2 40. Rxa7+ Kf6 41. Rc7 Bd3 42. h4 f4 $1 43. g3
fxg3+ 44. Kxg3 e5 45. Kf3 Kf5 46. Rf7+ Ke6 47. Rf8 {Schwarz hat eine "Festung"
aufgebaut. Es ist dem Weißen nicht gelungen, einen Freibauern zu bilden.} Ke7
48. Ra8 Kf6 49. Ke3 Kf5 50. Rf8+ Kg4 51. Rh8 Kf5 52. Kf3 Kf6 53. Rc8 Ke7 54.
Rc6 Kd7 55. Rb6 Bf5 56. Ra6 Bd3 57. Ke3 Ke7 58. Kd2 Kf7 59. Rd6 Ke7 60. Rb6 Kf7
61. Kc1 Ke7 62. Ra6 Kf7 63. Kd2 Ke7 64. Ke3 Kf7 65. Rd6 Ke7 66. Rxd3 cxd3 67.
Kxd3 Kd7 68. c4 Kc6 69. Ke3 Kc5 70. Kd3 Kc6 71. Ke4 Kd6 72. c5+ Ke6 73. c6 Kd6
74. c7 Kxc7 75. Kxe5 Kd7 1/2-1/2

[Event "EtVas Vantaa GM"]
[Site "Myyrmanni"]
[Date "1999.07.21"]
[Round "2"]
[White "Gdanski, Jacek"]
[Black "Sammalvuo, Tapani"]
[Result "1/2-1/2"]
[WhiteElo "2512"]
[BlackElo "2393"]
[Annotator "Bangiev,A"]
[PlyCount "95"]
[EventDate "1999.07.20"]
[EventType "tourn"]
[EventRounds "9"]
[EventCountry "FIN"]
[EventCategory "8"]
[SourceTitle "CBM 072"]
[Source "ChessBase"]
[SourceDate "1999.10.01"]
[SourceVersion "1"]
[SourceVersionDate "1999.10.01"]
[SourceQuality "1"]

1. e4 c5 2. Nc3 d6 3. f4 g6 4. Nf3 Bg7 5. Bc4 Nc6 6. O-O e6 7. d3 Nge7 8. Qe1
O-O 9. f5 d5 10. Bb3 c4 11. dxc4 d4 12. f6 Bxf6 13. e5 Bxe5 $5 ({nach} 13...
Bg7 14. Ne4 $1 Nxe5 15. Nxe5 Bxe5 16. Bg5 {Weiß steht eindeutlich aktiver.
Siehe Short,N-Oll,L/ Keres-mem Tallin 1998}) 14. Nxe5 dxc3 15. bxc3 {[%mdl 8]}
(15. Qxc3 Nxe5 16. Qxe5 Nf5 17. Bf4 f6 18. Qc3 Qd4+ 19. Qxd4 Nxd4 20. Bh6 Nxb3
21. Rad1 Na5 22. Bxf8 Kxf8 23. Rxf6+ Ke7 24. Rdf1 Nxc4 25. Rf7+ Kd6 26. Rxh7 b5
27. b3 Ne3 28. Rf6 Bd7 29. Rxg6 Bc6 30. Rh3 Nxc2 31. Rc3 Nb4 32. h4 Rh8 33. Rh3
Nd5 34. Rg4 Nf6 35. Rg6 Nd5 36. Rg4 Nf6 37. Rg6 {1/2-1/2 Khalifman,A-Savon,V/
Moscow 1992/(37)}) 15... Nxe5 16. Qxe5 Nf5 (16... Nc6 17. Qg3 e5 18. Bh6 (18.
Ba3 Re8 19. Rad1 Qa5 20. Bd6 Be6 $132) 18... Re8 19. Rad1 Qc7 20. Bg5 $5 $36)
17. Ba3 (17. g4 f6 $1) 17... f6 (17... Re8 $2 18. Ba4) 18. Qe4 Rf7 19. Rad1 Qe8
20. c5 Bd7 $2 (20... Kh8 21. Rfe1 Rc7 22. g4 (22. Bxe6 $6 Re7 23. Bxf5 Rxe4 24.
Bxe4 $13) 22... Ng7 23. Qf4 $36) 21. c6 $2 (21. Rfe1 $1 $16 Rb8 (21... Ng7 22.
Qxb7) (21... Bc6 22. Qxe6) 22. Bxe6) (21. Qxb7 $1 $16 Bc6 22. Qa6 Ne3 23. Rde1
Nxf1 24. Rxe6 $18) 21... bxc6 22. g4 Ng7 23. Bc5 Rc8 24. Qd4 $44 f5 $5 25. gxf5
Nxf5 26. Qe5 Ra8 27. Rd2 (27. Bd4 $142 Nxd4 28. cxd4 Rxf1+ 29. Rxf1 Rb8 30. Rf6
$36) 27... h6 $1 28. Bd4 Kh7 29. Rdf2 Qb8 $2 (29... a5 {/\30...Qb8}) 30. Qxb8
Rxb8 31. Bxa7 $16 Rb5 32. Re1 (32. a4 $142 Re5 33. Bd4) 32... Bc8 {[%cal Rf7a7]
} 33. a4 $2 {[%mdl 8192]} (33. Bd4 $16) 33... Rxb3 34. cxb3 Rxa7 $15 35. Rd2 c5
36. Rd8 Bd7 37. a5 Ne7 38. Rd1 Bc6 39. Re1 Rxa5 40. Rxe6 Ra7 41. Rdd6 $11 Kg7 (
41... Bb5 42. c4) 42. Rxc6 Nxc6 43. Rxc6 Rb7 44. Rxc5 Rxb3 45. Kf2 Rb2+ 46. Kg3
Kf6 47. h4 Rb1 48. Rc6+ 1/2-1/2

[Event "Bundesliga 0102"]
[Site "Germany"]
[Date "2002.04.28"]
[Round "15.4"]
[White "Fontaine, Robert"]
[Black "Pelletier, Yannick"]
[Result "1-0"]
[WhiteElo "2452"]
[BlackElo "2531"]
[Annotator "Bangiev,A"]
[PlyCount "77"]
[EventDate "2001.10.06"]
[EventType "team-tourn"]
[EventRounds "15"]
[EventCountry "GER"]
[SourceTitle "CBM 089"]
[Source "ChessBase"]
[SourceDate "2002.08.12"]
[SourceVersion "1"]
[SourceVersionDate "2002.08.12"]
[SourceQuality "1"]
[WhiteTeam "Erfurt SK"]
[BlackTeam "Werder Bremen"]
[WhiteTeamCountry "GER"]
[BlackTeamCountry "GER"]

1. e4 c5 2. Nc3 d6 3. f4 Nc6 4. Nf3 g6 5. Bc4 Bg7 6. O-O Nf6 7. d3 O-O 8. Qe1
e6 9. Bb3 d5 10. e5 $1 {Eine logische Erwiderung: da der Nachziehende seine
dunklen Felder schwächt, soll Weiß bestrebt sein, diese Felder zu besetzen.}
Ne8 11. Bd2 {Weiß muss seine Figuren entsprechend der neuen Bauernstruktur
umgruppieren, nämlich /\ Ne2 gefolgt von c3 und d4, um den Pe5 zu stützen, den
Bb3 nach c2 ziehen zu können. Dabei möchte er das Manöver Na5 mit dem Abtausch
des Bb3 verhindern.} (11. Ba4 Ne7 12. Bxe8 Qxe8 13. Bd2 b6 14. a4 Bd7 15. g4 f6
$11 {0-1 Hennings,A-Polugaevsky,L/Kapfenberg 1970/EU-chT (30)}) 11... f6 {
Schwarz beginnt damit einen aktiven Plan, er möchte im Zentrum mittels e6-e5
aktiv zu agieren.} (11... Na5 12. Ba4) (11... b6 {Dieser für derartige
Positionen typische Entwicklungszug (/\Na5 sowie Bb7 oder Ba6) stellt eine
gute Alternative dar.}) 12. exf6 Bxf6 13. Ne5 Qc7 14. Nxc6 {Ein simpler Zug,
der den Zielen des Anziehenden am besten entspricht: da Weiß über die bessere
Bauernstruktur verfügt, soll er bestrebt sein, so schnell wie nur möglich die
Stellung zu vereinfachen, also Figuren zu tauschen. Bekanntlich werden
Bauernschwächen mit jedem Figurentausch noch wirksamer.} bxc6 {Schwarz
schwächt damit die Bauernstruktur: Offenbar wollte er damit verhindern, dass
Weiß seinen Läufer b3 tauschen konnte.} (14... Qxc6 15. Ba4 (15. f5 gxf5 16.
Ba4) 15... Qd6 16. Bxe8 (16. Qg3 Ng7) 16... Rxe8 17. Qg3 e5 (17... Bd7 18. Rae1
b5 19. Kh1 b4 20. Nd1 Qa6 21. a3 bxa3 22. bxa3 Qxa3 23. f5 exf5 24. Qd6) 18. f5
$1) 15. Na4 $1 {Ein typisches Manöver: der Bauer c5 ist zum Angriffsziel
geworden.} Qd6 16. Be3 $1 {[%mdl 32] Ein wichtiger Zug, der ein strategisches
Ziel verfolgt, nämlich die Befestigung der gegnerischen Bauernstruktur, was
ihm erlauben sollte, den schwachen Bauern auf c5 auf Dauer zu belagern.} d4 {
Ein erzwungener Zug, der die Bauernstruktur des Schwarzen noch mehr schwächt.
Dabei gewinnt der Läufer b3 in seiner Aktivität stark.} (16... Bd4 $2 17. c3
Bxe3+ 18. Qxe3 $16) 17. Bd2 Nc7 $6 {Natürlich wollte Schwarz seinen Springer
auf das Feld d5 platzieren, hat aber dazu nicht die nötige Zeit.} 18. f5 $1 Be5
$8 (18... Nd5 19. fxe6 Bxe6 20. Nxc5 $16) 19. fxg6 $1 Rxf1+ 20. Kxf1 {Die
weiße Dame hat das Feld e4 im Visier.} Bd7 (20... hxg6 21. Qe4 Kg7 22. Qh4) 21.
gxh7+ Kh8 22. Qe4 $16 Rf8+ 23. Ke2 Bxh2 24. Rf1 Rxf1 {(=)} 25. Kxf1 Qf8+ 26.
Ke2 Bg3 27. Qf3 Qxf3+ 28. Kxf3 Bd6 29. Bf4 e5 30. Nxc5 $1 $18 {[%mdl 64] Das
taktische Motiv: Ablenkung.} exf4 (30... Bxc5 31. Bxe5+) 31. Nxd7 Kxh7 32. Ke4
c5 33. Kf5 Kg7 34. Nf6 Kh6 35. Ne4 Bf8 36. Kxf4 Na8 37. Kf5 Nb6 38. g4 Kg7 39.
Ng5 1-0